| 000 | 00455nam a22001697a 4500 | ||
|---|---|---|---|
| 999 |
_c2231 _d2231 |
||
| 005 | 20181018131651.0 | ||
| 008 | 181009b ||||| |||| 00| 0 eng d | ||
| 020 | _a8173620725 | ||
| 040 | _cDLC | ||
| 082 |
_a248.4 _bB86291A |
||
| 100 | _aBritten, Bruce | ||
| 245 |
_aAnswers for your Marriage / _cBy Bruce Britten & Carol Britten |
||
| 260 |
_aSecunderabad _bOM Books _c2000 |
||
| 300 | _a199p,; | ||
| 650 |
_amarriage _xchristian life |
||
| 942 |
_2ddc _cBK |
||